000 00355 a2200157 4500
001 149177
040 _cEscola São Tomás de Aquino
100 _aRIOS, Rosana
240 1 0 _aUm bairro encantado
_lpor
245 1 0 _aUm bairro encantado
300 _a66
362 0 _a2011
440 1 _aScipione
697 _a*LITERATURA INFANTO JUVENIL
942 _cBK
999 _c149177
_d149177